000 00461nam a2200181Ia 4500
001 24636
005 20260414151057.0
008 260414t2016||||xx |||||||||||||| ||spa||
041 _aESP
082 _a345.721
_bB91
100 _aBullard González, Alfredo
_eAUT
245 0 _aLitigio arbitral :
_bel arbitraje desde otra perspectiva
260 _c2016
300 _a718 páginas :
_c24 cm.
650 _aDER
654 _aCDE
942 _cLIB
_dJUS
_fJUS
_2ddc
_n
999 _c24636
_d24636